Sports Quiz

Random Sports or NFL Quiz

Pro Bowl Defensive Linemen Since 2000 Quiz Stats

 Plays Quiz not verified by Sporcle

Support Sporcle.
Go Orange.
Score 0/121 Timer 12:00
0 Plays Today
Team(s) Player % Correct
SDJamal Williams
92.2%
MINKevin Williams
92.2%
BUFKyle Williams
92.2%
HOU/BUFMario Williams
92.2%
MINPat Williams
92.2%
NYJLeonard Williams
91.1%
KCChris Jones
90%
PITAaron Smith
89.8%
HOUAntonio Smith
89.8%
SFJustin Smith
89.8%
NOWill Smith
89.8%
DET/MIANdamukong Suh
89.3%
BALBrandon Williams
89.3%
KC/MINJared Allen
88.9%
JAXJosh Allen
86.7%
SFNick Bosa
86%
CAR/CHI/GBJulius Peppers
83.6%
NE/ARIChandler Jones
83.2%
INDDwight Freeney
82%
HOUJ.J. Watt
81.1%
LACJoey Bosa
79.4%
NYGMichael Strahan
79.1%
DENDeMarcus Ware
78.7%
NYGJustin Tuck
77.9%
INDRobert Mathis
77%
SEAMichael Bennett
75%
MIAJason Taylor
75%
NEVince Wilfork
74.6%
STL/LAAaron Donald
74.2%
NYGJason Pierre-Paul
73.8%
ARI/JAX/BALCalais Campbell
73.4%
CINGeno Atkins
73%
NYJ/ATLJohn Abraham
72.5%
BALHaloti Ngata
71.7%
NYJMuhammad Wilkerson
71.7%
WASChase Young
71.4%
NOJoe Johnson
70.9%
MIACameron Wake
70.1%
JAXMalik Jackson
66.7%
NE/OAKRichard Seymour
66%
NYJSheldon Richardson
65.6%
Team(s) Player % Correct
CHITommie Harris
64.8%
HOUJadeveon Clowney
63.7%
STLRobert Quinn
63.5%
TBWarren Sapp
63.5%
DALDemarcus Lawrence
62.7%
TENJevon Kearse
61.1%
DETEzekiel Ansah
60.7%
PITCameron Heyward
60.4%
GBB.J. Raji
59.8%
TBGerald McCoy
59.4%
SEACliff Avril
58.9%
OAKKhalil Mack
58.2%
NYGOsi Umenyiora
58.2%
NOCameron Jordan
57.4%
PHITrent Cole
56.1%
PHIFletcher Cox
54.9%
BUFMarcell Dareus
54.1%
CLEMyles Garrett
53.9%
MINDanielle Hunter
53.9%
TENAlbert Haynesworth
52.5%
LACMelvin Ingram
52.1%
TENJurrell Casey
51.7%
PHIBrandon Graham
50%
TEN/PHIJason Babin
48.8%
GBMike Daniels
47.9%
CINCarlos Dunlap
47.5%
CHIAkiem Hicks
47.4%
DEN/BALElvis Dumervil
47.1%
NYJShaun Ellis
47.1%
KCDontari Poe
45.1%
MINLinval Joseph
44.5%
GBKenny Clark
44.4%
KCFrank Clark
44%
SFBryant Young
43.9%
JAXYannick Ngakoue
42.7%
NO/DALLa'Roi Glover
42.2%
MINEverson Griffen
42.2%
TBSimeon Rice
42.2%
ARIDarnell Dockett
41.8%
CARKawann Short
41.8%
CAR/NYJKris Jenkins
40.6%
Team(s) Player % Correct
SFDeForest Buckner
40%
PITCasey Hampton
38.5%
ATLGrady Jarrett
36%
BAL/BUFSam Adams
35.7%
JAXJohn Henderson
35.2%
DALJay Ratliff
35.2%
NEAndre Carter
34.4%
TENKevin Carter
34.4%
CARGreg Hardy
34%
GBKabeer Gbaja-Biamila
33.6%
TENKyle Vanden Bosch
33.6%
PITBrett Keisel
30.3%
STLLeonard Little
28.7%
ATL/SEAPatrick Kerney
28.3%
SEAJohn Randle
28.3%
DET/CLEShaun Rogers
27.5%
PHIHugh Douglas
25.4%
BUF/CHITed Washington
25.4%
GBAaron Kampman
23.4%
JAXMarcus Stroud
23.4%
OAKDerrick Burgess
20.5%
MIAAdewale Ogunleye
20.1%
DALJason Hatcher
18.9%
DENTrevor Pryce
18.9%
CARMike Rucker
18.9%
MIATrace Armstrong
17.6%
BUFAaron Schobel
17.6%
MIARandy Starks
16.8%
JAX/HOUGary Walker
16.8%
CHIHenry Melton
16.4%
DETRobert Porcher
16%
SDMarcellus Wiley
16%
PHICorey Simon
15.6%
WASMarco Coleman
14.8%
ATLRod Coleman
14.8%
ARIBertrand Berry
14.3%
DETLuther Elliss
8.6%
MIATim Bowens
7%
MIAPaul Soliai
5.3%

You're not logged in!

Compare scores with friends on all Sporcle quizzes.
OR
Log In

From the Vault

Border Chain Minefield VII

by gabrielhippo

Safe travels this holiday season.
Remove Ads.
Support Sporcle.
Get the best of Sporcle when you Go Orange. This ad-free experience offers more features, more stats, and more fun while also helping to support Sporcle. Thank you for becoming a member.

Show Comments

Extras

Top Quizzes Today


Score Distribution

Your Account Isn't Verified!

In order to create a playlist on Sporcle, you need to verify the email address you used during registration. Go to your Sporcle Settings to finish the process.

Report this User

Report this user for behavior that violates our Community Guidelines.

Details: